Подробности
| 000 -МАРКЕР |
| контрольное поле |
02569nam0a2200373 4500 |
| 001 - ИДЕНТИФИКАТОР ЗАПИСИ |
| контрольное поле |
RU\NLR\bibl\1480640 |
| 005 - ИДЕНТИФИКАТОР ВЕРСИИ |
| контрольное поле |
20260406104544.0 |
| 010 ## - МЕЖДУНАРОДНЫЙ СТАНДАРТНЫЙ НОМЕР КНИГИ (ISBN) |
| Номер (ISBN) |
978-5-488-02572-1 |
| Тираж |
7100 |
| 021 ## - НОМЕР ГОСУДАРСТВЕННОЙ РЕГИСТРАЦИИ |
| Код страны |
Российская Федерация |
| Номер |
2009-107958 |
| Номер Листа государственной регистраци |
6887 |
| 021 ## - НОМЕР ГОСУДАРСТВЕННОЙ РЕГИСТРАЦИИ |
| Код страны |
Российская Федерация |
| Номер |
2011-17477 |
| Номер Листа государственной регистраци |
1229 |
| 035 ## - ДРУГИЕ СИСТЕМНЫЕ НОМЕРА |
| Идентификатор записи |
(NLR Aleph) 001472293 |
| 100 ## - ДАННЫЕ ОБЩЕЙ ОБРАБОТКИ |
| Данные общей обработки |
20100304d2009 |||y0rusy50 ca |
| 101 0# - ЯЗЫК РЕСУРСА |
| Язык текста, звукозаписи и т.д. |
русский |
| 102 ## - СТРАНА ПУБЛИКАЦИИ ИЛИ ПРОИЗВОДСТВА |
| Страна публикации |
Российская Федерация |
| 105 ## - ПОЛЕ КОДИРОВАННЫХ ДАННЫХ: ТЕКСТОВЫЕ МАТЕРИАЛЫ, МОНОГРАФИЧЕСКИЕ |
| Кодированные данные о монографическом текстовом документе |
a ||||||||| |
| 200 1# - ЗАГЛАВИЕ И СВЕДЕНИЯ ОБ ОТВЕТСТВЕННОСТИ |
| Основное заглавие |
Час мужества |
| Сведения, относящиеся к заглавию |
стихотворения и рассказы о Великой Отечественной войне |
| -- |
[для младшего школьного возраста |
| Первые сведения об ответственности |
сост.: Р. Данкова |
| Последующие сведения об ответственности |
авт. предисл.: С. Алексеев |
| -- |
худож. В. Гальдяев, А. Лурье] |
| 210 ## - ПУБЛИКАЦИЯ, РАСПРОСТРАНЕНИЕ И ДР. |
| Место издания, распространения и т.д. |
Москва |
| Имя издателя, распространителя и т. д. |
Оникс |
| Дата издания, распространения и т.д. |
2009 (макет 2010) |
| 215 ## - ФИЗИЧЕСКАЯ ХАРАКТЕРИСТИКА |
| Специфическое обозначение материала и объем |
189, [1] с. |
| Другие сведения о физической характеристике |
ил. |
| Размеры |
22 |
| 225 1# - СЕРИЯ |
| Основное заглавие серии |
Библиотека российского школьника |
| Сведения, относящиеся к заглавию |
БРШ |
| 225 1# - СЕРИЯ |
| Основное заглавие серии |
Читаем по школьной программе |
| 300 ## - ОБЩИЕ ПРИМЕЧАНИЯ |
| Текст примечания |
65-летию Великой Победы посвящается |
| 327 0# - ПРИМЕЧАНИЯ О СОДЕРЖАНИИ |
| Текст примечания |
Содерж.: Стихотворения о Великой Отечественной Войне: циклы: Среди большой войны жестокой; Беспощадные метки войны; Всем даруется победа / А. Ахматова, П. Синявский, Б. Дубровин [и др.]. Рассказы о Великой Отечественной войне: разделы: О великой московской битве; О великом сражении на берегах Волги; О битве на Курской дуге; О героическом Севастополе; О ленинградцах и подвиге Ленинграда; Вперед, на Запад!; О штурме Берлина и полной нашей Победе / С. Алексеев |
| 686 ## - ИНДЕКСЫ ДРУГИХ КЛАССИФИКАЦИЙ |
| Индекс |
Ш9(2)60=Р7я43 |
| 702 #1 - ИМЯ ЛИЦА - ВТОРИЧНАЯ ОТВЕТСТВЕННОСТЬ |
| Код отношения |
Составитель |
| Графика поля |
Кириллица |
| Материалы, к которым относится поле |
rus |
| Начальный элемент ввода |
Данкова |
| Часть имени, кроме начального элемента ввода |
Р. Е. |
| Даты |
1959- |
| Расширение инициалов личного имени |
Регина Евгеньевна |
| Системный номер авторитетной/нормативной записи |
79304 |
| Идентификатор авторитетной/нормативной записи |
RU\NLR\auth\7796378 |
| 702 #1 - ИМЯ ЛИЦА - ВТОРИЧНАЯ ОТВЕТСТВЕННОСТЬ |
| Код отношения |
Карикатурист, Художник |
| Графика поля |
Кириллица |
| Материалы, к которым относится поле |
rus |
| Начальный элемент ввода |
Гальдяев |
| Часть имени, кроме начального элемента ввода |
В. Л. |
| Даты |
1938-2001 |
| Расширение инициалов личного имени |
Владимир Леонидович |
| Системный номер авторитетной/нормативной записи |
44405 |
| Идентификатор авторитетной/нормативной записи |
RU\NLR\auth\7761475 |
| 702 #1 - ИМЯ ЛИЦА - ВТОРИЧНАЯ ОТВЕТСТВЕННОСТЬ |
| Код отношения |
Карикатурист, Художник |
| Графика поля |
Кириллица |
| Материалы, к которым относится поле |
rus |
| Начальный элемент ввода |
Лурье |
| Часть имени, кроме начального элемента ввода |
А. А. |
| Дополнения к именам, кроме дат |
художник-иллюстратор |
| Даты |
1916-1990 |
| Расширение инициалов личного имени |
Аркадий Александрович |
| Системный номер авторитетной/нормативной записи |
71875 |
| Идентификатор авторитетной/нормативной записи |
RU\NLR\AUTH\7788947 |
| 801 #0 - ИСТОЧНИК ЗАПИСИ |
| Страна |
Российская Федерация |
| Организация |
NLR |
| Дата составления |
20100304 |
| Правила каталогизации |
RCR |
| 801 #1 - ИСТОЧНИК ЗАПИСИ |
| Страна |
Российская Федерация |
| Организация |
NLR |
| Дата составления |
20100304 |
| 942 ## - ДОПОЛНИТЕЛЬНЫЕ ЭЛЕМЕНТЫ ЗАПИСИ (АБИС) |
| Тип экземпляра АБИС |
Книга |
| 980 ## - КОЛЛЕКЦИЯ |
| Название коллекции |
Национальная библиография |